The communicative approach to language teaching / (Record no. 124730)
[ view plain ]
| 000 -LEADER | |
|---|---|
| fixed length control field | 00815nam a22002417a 4500 |
| 005 - DATE AND TIME OF LATEST TRANSACTION | |
| control field | 20170124105943.0 |
| 010 ## - LIBRARY OF CONGRESS CONTROL NUMBER | |
| LC control number | A-842893 |
| 020 ## - INTERNATIONAL STANDARD BOOK NUMBER | |
| Terms of availability | 00.00 |
| International Standard Book Number | 0194421252 |
| 035 ## - SYSTEM CONTROL NUMBER | |
| System control number | A-842893 |
| 037 ## - SOURCE OF ACQUISITION | |
| Source of stock number/acquisition | Cen Lib/Ret |
| 040 ## - CATALOGING SOURCE | |
| Original cataloging agency | DPL |
| Language of cataloging | EN |
| 082 ## - DEWEY DECIMAL CLASSIFICATION NUMBER | |
| Classification number | 312.6044 |
| Item number | COM |
| 245 ## - TITLE STATEMENT | |
| Title | The communicative approach to language teaching / |
| Statement of responsibility, etc | edited by C. J. Brumfit [and] K. Johnson |
| 260 ## - PUBLICATION, DISTRIBUTION, ETC. (IMPRINT) | |
| Place of publication, distribution, etc | Oxford |
| Name of publisher, distributor, etc | Oxford University Press |
| Date of publication, distribution, etc | 1979 |
| 270 ## - ADDRESS | |
| City | Oxford |
| Address | Walton Street |
| 300 ## - PHYSICAL DESCRIPTION | |
| Extent | x, 243p. : |
| Dimensions | 21cm(Hb) |
| 500 ## - GENERAL NOTE | |
| General note | Includes bibliographical references and index<br/> |
| 650 ## - SUBJECT ADDED ENTRY--TOPICAL TERM | |
| Topical term or geographic name as entry element | Language and languages -- Study and teaching |
| 9 (RLIN) | 11764 |
| 650 ## - SUBJECT ADDED ENTRY--TOPICAL TERM | |
| Topical term or geographic name as entry element | English language -- Study and teaching |
| 9 (RLIN) | 11765 |
| 700 ## - ADDED ENTRY--PERSONAL NAME | |
| Personal name | Brumfit, C. J. |
| 9 (RLIN) | 11766 |
| 700 ## - ADDED ENTRY--PERSONAL NAME | |
| Personal name | Johnson, K. |
| 9 (RLIN) | 78667 |
| 942 ## - ADDED ENTRY ELEMENTS (KOHA) | |
| Source of classification or shelving scheme | Dewey Decimal Classification |
| Koha item type | English Books |
| Classification part | 312.6044 |
| Call number suffix | COM |
| Withdrawn status | Lost status | Damaged status | Not for loan | Home library | Current library | Date acquired | Source of acquisition | Cost, normal purchase price | Total Checkouts | Full call number | Barcode | Date last seen | Copy number | Cost, replacement price | Price effective from | Koha item type | Public note |
|---|---|---|---|---|---|---|---|---|---|---|---|---|---|---|---|---|---|
| Written off | Central Library | Central Library | 18/06/2015 | Cen Lib/Ret | 0.00 | 312.6044 COM | A-842893 | 18/06/2015 | 1 | 0.00 | 18/06/2015 | English Books | W/d List No. 6896/23 ; dtd 19/10/2020 |
